00517cam a22001572 4500001001100000005001700011008004100028020002700069040001500096100003000111245006000141260003100201300001600232650005500248650005600303000000703020151217152020.0071108s xx 000 0 eng d a0198509774 :cKES 6390 aKABUcKABU1 aFinnis, Mike.@000015805510aInteratomic forces in condensed matter /c Mike Finnis. aOxford :bO. U. P.,c2003. axv, 286 p. 0aCondensed matterxComputer simulation.@0000158056 0aAtomic structure.xComputer simulation.@0000158057